[Event "Niteroi op 4th"]
[Site "Niteroi"]
[Date "2024.09.01"]
[Round "7"]
[White "Nascimento, Daniel Rojas"]
[Black "Spina, Deris Eduardo"]
[Result "0-1"]
[WhiteElo "1948"]
[BlackElo "1823"]
[PlyCount "66"]
[EventDate "2024.08.28"]
[EventType "swiss"]
[EventRounds "7"]
[EventCountry "BRA"]
[SourceTitle "CBM 221 Extra"]
[Source "ChessBase"]
[SourceDate "2024.09.30"]
[SourceVersion "1"]
[SourceVersionDate "2024.09.30"]
[SourceQuality "1"]

1. e4 c5 2. Nf3 d6 3. d4 cxd4 4. Nxd4 Nf6 5. Nc3 a6 6. Bg5 Nbd7 7. Qd2 Qc7 8. 0-0-0 b5 9. Kb1 Bb7 10. f3 b4 11. Nce2 e6 12. g4 Be7 13. h4 a5 14. Bxf6 Nxf6 15. g5 Nh5 16. Rg1 Qc5 17. Ng3 Nxg3 18. Rxg3 a4 19. h5 g6 20. Bb5+ Kf8 21. Qh2 b3 22. c3 bxa2+ 23. Ka1 a3 24. hxg6 axb2+ 25. Kxb2 Bxg5 26. g7+ Kxg7 27. Rxg5+ Qxg5 28. Rg1 a1Q+ 29. Rxa1 Rxa1 30. Kxa1 Qc1+ 31. Ka2 Ra8+ 32. Kb3 Qa3+ 33. Kc4 Rc8+ 0-1